| 000 | 00535 a2200157 4500 | ||
|---|---|---|---|
| 020 | _a 817394971 | ||
| 040 |
_aDLC _bDLC |
||
| 082 | _a621.3822 | ||
| 100 | _aNaidu, Prabhakar S. | ||
| 245 |
_aModern Digital Signal Processing: An Introduction _c An Introduction _hPrabhakar S, Naidu. |
||
| 260 |
_aNew Delhi : _bNarosa Publishing Houses, _c 2003. |
||
| 300 |
_axvi, 406 p. : _bill. ; _c 24 cm. |
||
| 500 | _aIncludes bibliographical references and index | ||
| 650 | _aSignal Processing--Digital techniques | ||
| 942 |
_cBK _k621.3822 NAI _2ddc |
||
| 999 |
_c8262 _d8262 |
||